000 01697nam a2200505 i 4500
001 1430
003 KOSZ 005
005 20210112121025.0
008 020718s1978 pl a f |000 0 pol
015 _aUWD 1978/10911
035 _a991018759709705066
035 _a(PL-WaBN)b15085491-48omnis_nlop
035 _ab15085491
035 _a(OCoLC)831036208
035 _a(PL)b0000001508549
035 _a(EXLNZ-48OMNIS_NETWORK)9910253182505606
040 _aWA N
_cWA N
_dKOSZ 005/HR
046 _k1978
080 _a69
080 _a330.322
080 _a(075.8)
100 1 _aSłoniński, Jędrzej
_eAutor
245 1 0 _aInwestycje budowlane :
_borganizacja i podstawy prawne /
_cJędrzej Słoniński, Andrzej Stefański.
250 _aWyd. 4 zm.
260 _aWarszawa ;
_aPoznań :
_bPaństwowe Wydawnictwo Naukowe,
_c1978.
300 _a158, [2] s., [2] k. tabl. :
_bil. ;
_c24 cm.
336 _aTekst
_btxt
_2rdacontent
337 _aBez urządzenia pośredniczącego
_bn
_2rdamedia
338 _aWolumin
_bnc
_2rdacarrier
380 _aKsiążki
388 _a1901-2000
388 _a1945-1989
504 _aBibliogr., wykaz ważniejszych przepisów i orzeczeń.
650 7 _aBudownictwo
_2DBN
650 7 _aInwestycje
650 7 _aOrganizacja
650 7 _aPrawo budowlane
655 7 _aPodręczniki akademickie
_2DBN
658 _aArchitektura i budownictwo
700 1 _aStefański, Andrzej
_eAutor
710 2 _aPaństwowe Wydawnictwo Naukowe
856 _uhttp://koha.tu.koszalin.pl/cgi-bin/koha/opac-detail.pl?biblionumber=1430
_yKatalog online BPK
942 _2UKD
_cKS
999 _c1430
_d1430